Sú finančné nástroje úspešným a sľubným nástrojom v oblasti rozvoja vidieka? osobitná správa č. 05 : (podľa článku 287 ods. 4 druhého pododseku ZFEÚ)
Enregistré dans:
| Collectivité auteur: | |
|---|---|
| Format: | Livre |
| Langue: | slovaque |
| Publié: |
Luxemburg
Úrad pre vydávanie publikácií Európskej únie
2015
|
| Sujets: | |
| Tags: |
Pas de tags, Soyez le premier à ajouter un tag!
|
MARC
| LEADER | 00000nam a2200000 4500 | ||
|---|---|---|---|
| 001 | 0205851 | ||
| 005 | 20240318125935.8 | ||
| 020 | |a 978-92-872-2283-1 | ||
| 022 | |a 1831-0931 | ||
| 041 | 0 | |a slo | |
| 044 | |a LU | ||
| 245 | 1 | 0 | |a Sú finančné nástroje úspešným a sľubným nástrojom v oblasti rozvoja vidieka? |b osobitná správa č. 05 : (podľa článku 287 ods. 4 druhého pododseku ZFEÚ) |
| 264 | 1 | |a Luxemburg |b Úrad pre vydávanie publikácií Európskej únie |c 2015 | |
| 300 | |a 59 s. | ||
| 610 | 2 | 0 | |a audit |
| 610 | 2 | 0 | |a revízia |
| 610 | 2 | 0 | |a rozvoj vidieka |
| 610 | 2 | 0 | |a nástroje finančné |
| 710 | 2 | |a European Court of Auditors | |